[Event "Gideon Japhet ACP Open 2018"]
[Site "Jerusalem"]
[Date "2018.07.01"]
[Round "1"]
[White "Yaniv, Yuval"]
[Black "Gruenfeld, Yehuda"]
[Result "1/2-1/2"]
[WhiteElo "2054"]
[BlackElo "2419"]
[Annotator "TA"]
[PlyCount "187"]
[EventDate "2018.07.01"]
[EventType "swiss"]
[EventCountry "ISR"]
[SourceTitle "playchess.com"]
[Source "ChessBase"]
[SourceQuality "1"]

{[%evp 15,187,20,23,1,12,8,37,10,16,16,0,-1,53,55,58,40,105,104,79,112,97,64,104,98,103,107,104,97,175,156,188,73,245,113,174,139,338,338,279,-24,-24,-24,-24,-24,-24,-22,-16,-16,0,0,0,0,0,0,20,33,28,14,29,31,30,31,27,25,27,12,88,88,88,88,88,88,88,88,115,56,66,0,0,0,0,-39,-39,-91,-91,-91,-91,-91,-91,-82,-48,-48,-48,-48,-48,-48,-48,-48,-48,-54,-54,-54,-54,-54,-54,-54,-54,-54,-54,-54,-54,-54,-54,-54,-25,-25,0,-54,-54,-54,-54,-54,-54,-54,-54,-54,-54,-54,-54,-54,0,-54,0,-54,-54,-54,-54,-54,-54,-54,-54,-54,-54,-54,-54,-54,-54,-54,-54,-54,-25,-25,-23,-23,-23,-23,-23,-23,-12,-28,-28,-28,-28,-28,-28,-28,-28,-33,-33,-33,-33,-33,-33,-33]} 1. e4 c5 2. Nf3 e6 3. d4 cxd4 4. Nxd4 a6 5. Bd3 Bc5 6. Nb3 Be7 7. Qe2 {B42: Sizilianisch (Paulsen-Variante)} (7. Qg4 g6 8. Qe2 d6 9. a4 Nc6 10. O-O Ne5 11. Kh1 Nf6 12. Nc3 Bd7 13. f4 Nxd3 14. cxd3 O-O 15. Be3 b5 16. a5 {1-0 (48) Aronian,L (2764)-Caruana,F (2816) Paris 2018}) 7... d6 8. O-O Nc6 {LiveBook: 10 Partien} 9. Bd2 {Weiß hat minimalen Vorteil.} Nf6 10. f4 $146 ({Vorgänger:} 10. a4 b6 11. c4 Nd7 12. Bc3 Bf6 13. f4 Bb7 14. Bxf6 Qxf6 15. Nc3 Nc5 {0-1 (37) Lubbe,N (2396)-Van Wely,L (2666) Netherlands 2010}) 10... Nd7 11. Kh1 b6 12. Nc3 Bb7 13. Rae1 Nc5 (13... O-O $11) 14. Nxc5 $14 bxc5 15. Qg4 g6 (15... O-O $14) 16. f5 Ne5 17. Qh3 Qd7 18. Bh6 {Droht Lg7 und aus.} O-O-O 19. Bg7 $36 {[%mdl 2048] Weiss hat starke Initiative.} Nxd3 20. cxd3 Rhg8 21. fxe6 fxe6 (21... Qxe6 $16 {kämpft weiter.} 22. Rxf7 (22. Qxh7 Bg5 $16) 22... Qxh3 23. gxh3 Rd7) 22. Rf7 $18 h5 23. Na4 (23. e5 $18 d5 24. Ne2) 23... Kc7 $2 {[#]} (23... Qxa4 $16 24. Rxe7 (24. Qxe6+ Qd7 $14) 24... Qxa2) 24. Bc3 (24. Bf6 $18 {ist viel giftiger.} Rde8 25. e5 Qxa4 26. exd6+ (26. Rxe7+ Rxe7 27. exd6+ Kd7 $16) (26. Bxe7 dxe5 27. Qe3 Kb8 $18) (26. Qxe6 Qc2 $11) 26... Kb8 27. Rxe7 (27. dxe7 Qxa2 28. Kg1 Ka8 $18)) 24... Rdf8 (24... Rgf8 $16 {ist eine bessere Verteidigung.} 25. Rh7 Rde8) 25. Rh7 ({Finger weg von} 25. Ba5+ $6 Kb8 $16) 25... e5 $2 (25... Re8 $16 {war angesagt.}) 26. Ba5+ Kc6 27. Nc3 $2 ({Der einzige Zug:} 27. Qe3 $18 Bg5 28. Rxd7 Bxe3 29. Rc7+ Kb5 30. Nb6 (30. Rxb7+ Kxa4 31. Bc3 Bd4 $14) 30... Bxe4 31. dxe4) 27... Qxh3 $11 28. gxh3 Kd7 {Und weiter mit ...Tf3 wäre nett.} 29. Kg2 Rh8 30. Rg7 Rfg8 31. Rf7 Rf8 32. Rg7 Rhg8 33. Rh7 Ke8 34. b4 Rf7 35. Rxf7 Kxf7 36. bxc5 dxc5 37. Rf1+ Ke6 38. Rb1 $1 {[%cal Rb1b7]} Bc6 39. Rb6 $1 {[%csl LRa6,LRc6]} Kd7 40. Rxa6 Ra8 (40... Rb8 $11 {bleibt in der Remisbreite.}) 41. Rxa8 $16 Bxa8 {[%mdl 4096] Endspiel KLL-KLS} 42. Na4 Bc6 43. Nb6+ Ke6 44. Nc4 Ba4 45. Bc3 (45. Kf2 $16) 45... Bc2 46. Nb2 {[#]} (46. Kf3 $14) 46... c4 $1 $11 {[%mdl 512]} 47. Nxc4 Bxd3 48. Nxe5 Bxe4+ 49. Kg3 ({Lieber} 49. Nf3 $1 $15) 49... Bf6 $17 50. Kf4 Bb1 51. h4 Bxa2 52. Bd4 Bb1 {zielt auf ...Kd5 ab.} 53. Nf3 Be7 54. Bf2 Kd5 55. Bg3 Bf5 56. Ke3 Ba3 57. Ne1 Bc1+ 58. Kf3 Bg4+ 59. Kf2 Ke4 60. Ng2 Bb2 61. Nf4 Bd4+ 62. Kf1 Bf5 63. Kg2 Be3 64. Nh3 Kd3 65. Nf4+ Ke4 66. Nh3 $1 Bc8 67. Nf2+ Kf5 68. Kf3 Bb6 69. Ke2 Ba6+ 70. Kf3 Bb7+ 71. Ke2 Bd4 72. Kd3 Bb6 73. Ke2 $1 Ba6+ 74. Kf3 $1 Bc5 75. Bc7 Bb7+ 76. Kg3 Bb4 77. Bb8 Be1 78. Ba7 Bc6 79. Bb6 $1 Bb4 80. Bc7 Bc5 81. Bb8 Bd4 82. Bc7 g5 83. hxg5 h4+ 84. Kxh4 Bxf2+ 85. Kh5 Be8+ 86. Kh6 Bc5 87. Kg7 (87. Bd8 {is interesting.} Bf8+ 88. Kh7 Bd6 89. h3 Bf8 90. Kg8) 87... Kxg5 88. Be5 Kf5 89. Ba1 Bd6 90. Bb2 Ke6 91. Ba1 Bxh2 {Schwarz steht etwas besser.} 92. Bb2 Bf4 93. Ba1 Bg5 94. Bb2 {Precision: Weiß = 60%, Schwarz = 61%.} 1/2-1/2

[Event "Gideon Japhet ACP Open 2018"]
[Site "Jerusalem"]
[Date "2018.07.01"]
[Round "1"]
[White "Kwossek, Georg"]
[Black "Erenberg, Ariel"]
[Result "1/2-1/2"]
[WhiteElo "2043"]
[BlackElo "2393"]
[Annotator "NA"]
[PlyCount "64"]
[EventDate "2018.07.01"]
[EventType "swiss"]
[EventCountry "ISR"]
[SourceTitle "playchess.com"]
[Source "ChessBase"]
[SourceQuality "1"]
[TimeControl "40/5400+30:1800+30"]

1. d4 {[%emt 0:00:00]} Nf6 {[%emt 0:00:02]} 2. Nf3 {[%emt 0:00:00]} e6 {[%emt 0:00:32]} 3. g3 {[%emt 0:00:12]} b5 {[%emt 0:02:21]} 4. Bg2 {[%emt 0:00:07]} Bb7 {[%emt 0:00:04]} 5. O-O {[%emt 0:00:06]} Be7 {[%emt 0:00:31]} 6. a4 {[%emt 0:00:09]} b4 {[%emt 0:00:56]} 7. c4 {[%emt 0:00:15]} O-O {[%emt 0:02:22]} 8. Nbd2 {[%emt 0:01:51]} d6 {[%emt 0:03:16]} 9. Qc2 {[%emt 0:04:22]} Nbd7 {[%emt 0:05:35]} 10. a5 {[%emt 0:09:33]} Rc8 {[%emt 0:01:54]} 11. a6 {[%emt 0:08:23]} Ba8 {[%emt 0:00:28]} 12. e4 {[%emt 0:00:43]} e5 {[%emt 0:07:18]} 13. c5 {[%emt 0:06:21]} exd4 {[%emt 0:04:04]} 14. c6 {[%emt 0:00:44] [#]} d3 $1 {[%emt 0:03:15]} 15. Qc4 {[%emt 0:10:04]} Ne5 {[%emt 0:05:02]} 16. Nxe5 {[%emt 0:02:19]} dxe5 {[%emt 0:00:02]} 17. Nf3 {[%emt 0:00:25]} Qd6 {[%emt 0:01:36]} 18. Be3 $15 {[%emt 0:17:38]} Qxc6 {[%emt 0:10:24]} 19. Qxc6 {[%emt 0:02:01]} Bxc6 {[%emt 0:00:01]} 20. Nxe5 {[%emt 0:00:06]} Bxe4 {[%emt 0:03:22]} 21. Bxe4 {[%emt 0:03:56]} Nxe4 {[%emt 0:00:02]} 22. Nc6 {[%emt 0:00:29]} Bf6 {[%emt 0:03:00]} 23. Bxa7 {[%emt 0:09:17]} Ra8 {[%emt 0:05:12]} 24. Bd4 {[%emt 0:11:37]} Bxd4 {[%emt 0:05:08]} 25. Nxd4 {[%emt 0:00:04]} c5 {[%emt 0:03:33]} 26. Nb5 {[%emt 0:02:11]} Rfb8 {[%emt 0:06:06]} 27. Ra5 {[%emt 0:01:54]} Nd2 {[%emt 0:02:16]} 28. Nc7 {[%emt 0:06:31]} Nxf1 {[%emt 0:05:31]} 29. Kxf1 {[%emt 0:00:24]} Ra7 {[%emt 0:01:41]} 30. Rxc5 {[%emt 0:01:34]} d2 {[%emt 0:03:36]} 31. Ke2 {[%emt 0:00:19]} Rc8 {[%emt 0:00:06]} 32. Nb5 {[%emt 0:00:50]} Re7+ {[%emt 0:00:24]} 1/2-1/2

[Event "Gideon Japhet ACP Open 2018"]
[Site "Jerusalem"]
[Date "2018.07.01"]
[Round "1"]
[White "Lukin, Elisha"]
[Black "Veinberg, Nimrod"]
[Result "1/2-1/2"]
[WhiteElo "2016"]
[BlackElo "2390"]
[Annotator "TA"]
[PlyCount "124"]
[EventDate "2018.07.01"]
[EventType "swiss"]
[EventCountry "ISR"]
[SourceTitle "playchess.com"]
[Source "ChessBase"]
[SourceQuality "1"]

{[%evp 20,124,-23,-41,3,-20,28,-38,-37,-29,-30,-58,-64,-76,6,-21,0,-6,24,23,22,18,24,22,43,43,43,44,44,35,277,163,146,160,225,132,156,150,148,149,149,94,100,54,80,65,89,39,50,41,40,53,76,42,133,134,172,165,381,383,405,391,298,219,185,191,165,141,162,51,51,29,29,29,29,29,49,34,41,39,33,33,34,34,33,29,42,29,29,29,33,35,37,0,0,0,0,0,0,0,22,22,22,22,22,29,29]} 1. d4 Nf6 2. c4 e6 3. Nc3 Bb4 4. e3 O-O 5. Nge2 Re8 6. a3 Bf8 7. g3 d5 {E46: Nimzoindisch (Rubinstein-System)} 8. Bg2 (8. cxd5 exd5 9. Bg2 a5 10. O-O Na6 11. Nf4 c6 12. f3 c5 13. Kh1 Nc7 14. g4 h6 15. Nce2 {0-1 (54) Nakamura,H (2787)-Carlsen,M (2853) chess.com INT 2016}) 8... dxc4 9. Qa4 Nbd7 {[%cal Bb8d7,Bd7b6,Bb6c4][%mdl 32]} 10. Qxc4 e5 11. O-O {LiveBook: 5 Partien} c6 12. Rd1 $146 ({Vorgänger:} 12. e4 Nb6 13. Qd3 Bc5 14. Rd1 exd4 15. b4 {0-1 (30) Deutsch,E (2380)-Boruchovsky,A (2441) Jerusalem 2013}) 12... Qe7 13. b4 (13. e4 $11) 13... e4 14. Qb3 Nb6 15. Qc2 Bf5 16. h3 a5 ({Günstiger ist} 16... h5 $17) 17. Bd2 Nc4 18. g4 Bg6 (18... Nxd2 {feels hotter.} 19. Qxd2 Be6 20. Nf4 axb4 21. axb4 Bb3) 19. Nf4 {[%cal Be2f4,Bf4g6,Bg6e5][%mdl 32]} Nxd2 20. Qxd2 axb4 21. axb4 Rxa1 22. Rxa1 Qxb4 23. Rb1 Qa5 24. Nxg6 ({Lieber nicht} 24. Rxb7 Bb4 $17) 24... Bb4 $2 (24... hxg6 $14 25. Rxb7 Bb4) 25. Rxb4 (25. Ne5 $142) 25... Qxb4 $18 26. Ne5 Ra8 (26... c5 $16 {ist eine bessere Verteidigung.} 27. g5 cxd4 28. Qxd4 (28. gxf6 dxc3 29. Qd5 Re6 $15) 28... Qxd4 29. exd4 Rc8) 27. Kh2 ({Lieber} 27. Qc2 $18) 27... Ra3 28. Nxe4 Qxd2 29. Nxd2 Ra2 30. Ndc4 (30. Nef3 $142) 30... Rxf2 $16 31. Kg1 Rc2 32. Nd6 Rb2 33. Nexf7 {Und Sd8 würde nun gewinnen.} Nd5 $1 34. e4 Nf4 35. Bf1 Ne6 36. d5 Nd4 (36... cxd5 $1 $14 37. exd5 Nf4) 37. Ne5 cxd5 38. exd5 b5 $2 {[#]} (38... Ne2+ 39. Bxe2 Rxe2) 39. Nb7 $1 $18 Ne2+ 40. Bxe2 $1 Rxe2 41. Nf3 Re7 42. Nc5 {Droht d6 und aus.} Rc7 43. Na6 Rc4 {[#] Schwarz plant ...b4.} 44. Kf2 (44. Ne5 $1 $18 {[%cal Re5c4]} Rd4 45. Nc6) 44... b4 $1 $14 {[%cal Rb4b3] zielt auf ...b3 ab.} 45. Nd2 Rd4 $1 {[%cal Rd4d2]} 46. Ke3 Rxd5 47. Nxb4 Rd8 48. Ne4 Rd1 49. Nd3 g6 50. Ke2 Rh1 51. Nef2 Ra1 52. Kf3 Kg7 53. Kf4 Ra4+ 54. Ne4 Ra3 55. Ndf2 h6 56. Ke5 Rf3 57. Ke6 g5 58. Ke5 Kf7 59. Kd6 Ra3 60. Nc5 Re3 61. Ncd3 Kf6 62. Kd5 Re8 {Precision: Weiß = 49%, Schwarz = 50%.} 1/2-1/2

[Event "Gideon Japhet ACP Open 2018"]
[Site "Jerusalem"]
[Date "2018.07.02"]
[Round "2"]
[White "Nabaty, Tamir"]
[Black "Zilberman, Yaacov"]
[Result "1/2-1/2"]
[WhiteElo "2692"]
[BlackElo "2374"]
[Annotator "TA"]
[PlyCount "123"]
[EventDate "2018.07.01"]
[EventType "swiss"]
[EventCountry "ISR"]
[SourceTitle "playchess.com"]
[Source "ChessBase"]
[SourceQuality "1"]

{[%evp 18,123,83,58,80,70,56,37,37,0,51,61,67,81,127,138,136,130,247,249,343,343,343,341,342,305,295,293,338,208,228,166,169,218,315,189,204,199,211,212,201,189,134,100,262,273,356,356,371,340,340,340,340,340,340,252,340,340,340,340,340,340,340,340,340,272,340,340,340,340,340,340,340,340,340,287,340,0,340,340,340,340,340,340,340,340,340,340,340,0,0,0,0,0,0,0,0,0,0,0,0,0,0,0,0,0,0,0]} 1. e4 c6 2. Nc3 d5 3. Nf3 dxe4 4. Nxe4 Nf6 5. Nxf6+ gxf6 6. g3 Bg4 7. Bg2 Nd7 {[%cal Bb8d7,Bd7b6,Bb6c4][%mdl 32]} 8. d4 e6 9. O-O Qc7 10. c4 O-O-O {B16: Caro-Kann: Bronstein-Larsen Variation} 11. Qa4 Nb6 12. Qxa7 {aiming for Bf4.} Nxc4 {White is slightly better.} 13. Bf4 $146 ({Predecessor:} 13. Qa8+ Qb8 14. Qa4 Nb6 15. Qb3 Bxf3 16. Bxf3 Nd5 17. a4 Qd6 18. Bd2 {1-0 (31) Fehling,M (2250)-Wenner,T Baden 1993}) 13... Bd6 (13... Qb6 $1 $11 14. Qxb6 Nxb6) 14. Nd2 $14 Be2 15. Bxd6 Qxd6 16. Nxc4 Bxc4 17. Rfc1 $36 {[%mdl 2048] Keeping Black busy.} Qxd4 {[#]} (17... Bd5 $16) 18. Qa4 $1 $18 Be2 19. Qa8+ Kd7 20. Qxb7+ Ke8 21. Rxc6 {Strongly threatening Rc7.} Kf8 22. Rc7 Bh5 23. Bf3 Bg6 24. Rd1 Qxd1+ 25. Bxd1 Rxd1+ 26. Kg2 {Threatens to win with Qf3.} Kg7 27. Rc8 Rxc8 28. Qxc8 {[%mdl 4096] Endgame KQ-KRB} Be4+ 29. Kh3 Rd2 30. Qc4 Bf5+ $2 (30... Bf3 $16 {might work better.}) 31. g4 Bb1 32. Kg3 h6 33. h4 {[%cal Bh2h4,Bh4g5][%mdl 32]} Rxb2 {[#]} 34. g5 $1 {[%mdl 512]} hxg5 (34... fxg5 35. Qd4+) 35. hxg5 Rxa2 36. Qb3 Ra5 37. gxf6+ Kg6 38. Qxb1+ {KQ-KR} Rf5 39. Qb8 Kxf6 40. Qh8+ Ke7 41. Kg4 Rd5 42. Qb8 Rf5 43. Qb4+ Ke8 44. Qa3 Rd5 45. Qb2 Rf5 46. Qg7 Ke7 47. Qh8 Rd5 48. Kf4 Rf5+ 49. Ke4 Rd5 50. Qb8 Rf5 51. Qb4+ Ke8 52. Qd6 Rd5 53. Qxd5 $2 (53. Qa3 $18) 53... exd5+ $11 {The position is equal.} 54. Kxd5 $18 {KP-KP} Ke7 55. Ke5 f6+ 56. Kf5 Kf7 57. f3 Kg7 58. Ke6 Kg6 59. f4 f5 60. Ke5 Kg7 61. Kxf5 {White wants to mate with Ke6.} Kf7 62. Ke4 {Precision: White = 69%, Black = 70%.} 1/2-1/2

[Event "Gideon Japhet ACP Open 2018"]
[Site "Jerusalem"]
[Date "2018.07.02"]
[Round "2"]
[White "Yuffa, Daniil"]
[Black "Kudischewitsch, David"]
[Result "1-0"]
[WhiteElo "2577"]
[BlackElo "2356"]
[Annotator "ChessBase"]
[PlyCount "103"]
[EventDate "2018.07.01"]
[EventType "swiss"]
[EventCountry "ISR"]
[SourceTitle "playchess.com"]
[Source "ChessBase"]
[SourceQuality "1"]
[TimeControl "40/5400+30:1800+30"]

1. d4 {[%emt 0:00:00]} Nf6 {[%emt 0:00:00]} 2. c4 {[%emt 0:00:00]} c6 {[%emt 0:00:02]} 3. Nc3 {[%emt 0:02:24]} d5 {[%emt 0:00:23]} 4. Nf3 {[%emt 0:00:06]} dxc4 {[%emt 0:00:09]} 5. a4 {[%emt 0:00:04]} e6 {[%emt 0:02:27]} 6. e4 {[%emt 0:00:06]} Bb4 {[%emt 0:00:17]} 7. e5 {[%emt 0:00:12]} Nd5 {[%emt 0:00:05]} 8. Bd2 {[%emt 0:00:31]} b5 {[%emt 0:01:17]} 9. axb5 {[%emt 0:00:07]} Bxc3 {[%emt 0:00:05]} 10. bxc3 {[%emt 0:00:04]} cxb5 {[%emt 0:00:05]} 11. Ng5 {[%emt 0:00:24]} Qc7 {[%emt 0:03:20]} 12. Qh5 {[%emt 0:02:40]} h6 {[%emt 0:04:54]} 13. Ne4 {[%emt 0:03:22]} Kf8 {[%emt 0:03:08]} 14. Nd6 {[%emt 0:03:39]} a6 {[%emt 0:00:06]} 15. h4 {[%emt 0:04:35]} Ra7 {[%emt 0:01:12]} 16. Rh3 {[%emt 0:00:41]} Nc6 {[%emt 0:00:06]} 17. Rf3 {[%emt 0:03:13]} Nd8 {[%emt 0:00:56]} 18. Bg5 {[%emt 0:00:43]} g6 {[%emt 0:01:52]} 19. Qxg6 {[%emt 0:00:19]} hxg5 {[%emt 0:00:16]} 20. Qxg5 {[%emt 0:01:51]} f6 {[%emt 0:08:23]} 21. Rxf6+ {[%emt 0:10:58]} Nxf6 {[%emt 0:00:17]} 22. Qxf6+ {[%emt 0:00:07]} Kg8 {[%emt 0:01:09]} 23. Kd2 {[%emt 0:09:12]} Rh7 {[%emt 0:02:03]} 24. Qg6+ {[%emt 0:09:42]} Kh8 {[%emt 0:03:31]} 25. Qf6+ {[%emt 0:06:50]} Kg8 {[%emt 0:00:10]} 26. Qg6+ {[%emt 0:07:00]} Kh8 {[%emt 0:00:02]} 27. Re1 {[%emt 0:00:17]} Nf7 {[%emt 0:02:53]} 28. Ne8 {[%emt 0:04:46]} Qd8 {[%emt 0:00:16]} 29. Nf6 {[%emt 0:02:21]} Nxe5 {[%emt 0:00:36]} 30. Rxe5 {[%emt 0:00:15]} Qf8 {[%emt 0:04:38]} 31. Rg5 {[%emt 0:06:23]} Rag7 {[%emt 0:00:39]} 32. Rh5 {[%emt 0:00:10]} Qf7 {[%emt 0:00:47]} 33. Qxf7 {[%emt 0:01:52]} Rxf7 {[%emt 0:00:04]} 34. Nxh7 {[%emt 0:00:13]} Rxh7 {[%emt 0:00:14]} 35. Be2 {[%emt 0:01:49]} Rxh5 {[%emt 0:00:16]} 36. Bxh5 {[%emt 0:00:04]} Bb7 {[%emt 0:01:02]} 37. g3 {[%emt 0:01:09]} Kg7 {[%emt 0:00:07]} 38. f4 {[%emt 0:02:08]} a5 {[%emt 0:00:29]} 39. Be8 {[%emt 0:00:43]} b4 {[%emt 0:00:05]} 40. g4 {[%emt 0:01:28]} Be4 {[%emt 0:03:23]} 41. g5 {[%emt 0:31:55]} Kf8 {[%emt 0:34:19]} 42. Bb5 {[%emt 0:00:53]} Bd3 {[%emt 0:00:05]} 43. h5 {[%emt 0:00:40]} Kf7 {[%emt 0:00:26]} 44. Bc6 {[%emt 0:03:00]} Ke7 {[%emt 0:00:34]} 45. Bf3 {[%emt 0:03:41]} b3 {[%emt 0:00:29]} 46. Kc1 {[%emt 0:00:09]} Kf7 {[%emt 0:00:22]} 47. Kb2 {[%emt 0:00:05]} Ke7 {[%emt 0:00:08]} 48. d5 {[%emt 0:02:20]} exd5 {[%emt 0:00:20]} 49. Bxd5 {[%emt 0:00:04]} Be2 {[%emt 0:00:05]} 50. f5 {[%emt 0:00:49]} Bxh5 {[%emt 0:01:22]} 51. Bxc4 {[%emt 0:00:15]} a4 {[%emt 0:00:14]} 52. Bb5 {[%emt 0:00:27] Ke8} 1-0

[Event "Gideon Japhet ACP Open 2018"]
[Site "Jerusalem"]
[Date "2018.07.02"]
[Round "2"]
[White "Boruchovsky, Avital"]
[Black "Gurbanov, Andrei"]
[Result "1-0"]
[WhiteElo "2558"]
[BlackElo "2335"]
[Annotator "ChessBase"]
[PlyCount "93"]
[EventDate "2018.07.01"]
[EventType "swiss"]
[EventCountry "ISR"]
[SourceTitle "playchess.com"]
[Source "ChessBase"]
[SourceQuality "1"]
[TimeControl "40/5400+30:1800+30"]

1. e4 {[%emt 0:00:00]} e5 {[%emt 0:00:00]} 2. Nf3 {[%emt 0:00:00]} Nc6 {[%emt 0:00:00]} 3. Bb5 {[%emt 0:00:00]} Nd4 {[%emt 0:00:00]} 4. Nxd4 {[%emt 0:00:23]} exd4 {[%emt 0:00:00]} 5. Bc4 {[%emt 0:00:08]} h5 {[%emt 0:00:40]} 6. d3 {[%emt 0:01:52]} Bc5 {[%emt 0:00:54]} 7. Qf3 {[%emt 0:03:51]} Qf6 {[%emt 0:03:43]} 8. Nd2 {[%emt 0:04:39]} c6 {[%emt 0:05:47]} 9. a3 {[%emt 0:03:49]} Ne7 {[%emt 0:07:03]} 10. b4 {[%emt 0:01:35]} Bb6 {[%emt 0:00:19]} 11. Bb2 {[%emt 0:05:46]} d5 {[%emt 0:08:11]} 12. Qxf6 {[%emt 0:02:47]} gxf6 {[%emt 0:00:08]} 13. exd5 {[%emt 0:00:34]} cxd5 {[%emt 0:00:05]} 14. Bb5+ {[%emt 0:00:04]} Kf8 {[%emt 0:00:13]} 15. Nf3 {[%emt 0:02:14]} Nf5 {[%emt 0:00:35]} 16. O-O {[%emt 0:00:53]} Be6 {[%emt 0:00:34]} 17. Rfe1 {[%emt 0:01:19]} Ke7 {[%emt 0:02:24]} 18. Ba4 {[%emt 0:01:15]} Rac8 {[%emt 0:04:07]} 19. Re2 {[%emt 0:00:48]} Rhg8 {[%emt 0:01:00]} 20. Kh1 {[%emt 0:01:41]} Rg4 {[%emt 0:01:15]} 21. h3 {[%emt 0:01:25]} Rg6 {[%emt 0:01:22]} 22. Bb3 {[%emt 0:02:00]} Kd7 {[%emt 0:00:22]} 23. a4 {[%emt 0:04:25]} a6 {[%emt 0:01:05]} 24. a5 {[%emt 0:01:35]} Ba7 {[%emt 0:00:07]} 25. Ba4+ {[%emt 0:00:26]} Ke7 {[%emt 0:01:00]} 26. Ba3 {[%emt 0:02:58]} Rgg8 {[%emt 0:02:06]} 27. Rb1 {[%emt 0:01:21]} Rc3 {[%emt 0:02:02]} 28. Bc1 {[%emt 0:02:12]} b5 {[%emt 0:02:17]} 29. axb6 {[%emt 0:01:20]} Bxb6 {[%emt 0:00:05]} 30. Ra1 {[%emt 0:04:53]} Ra8 {[%emt 0:02:14]} 31. Bb5 {[%emt 0:01:46]} a5 {[%emt 0:02:59]} 32. bxa5 {[%emt 0:02:23]} Nd6 {[%emt 0:07:48]} 33. Bb2 {[%emt 0:00:42]} Nxb5 {[%emt 0:05:56]} 34. axb6 {[%emt 0:00:52]} Rxa1+ {[%emt 0:07:01]} 35. Bxa1 {[%emt 0:00:05]} Rc6 {[%emt 0:00:08]} 36. Bxd4 {[%emt 0:00:24]} Nxd4 {[%emt 0:00:06]} 37. Nxd4 {[%emt 0:00:06]} Rxb6 {[%emt 0:00:01]} 38. Kh2 {[%emt 0:00:18]} Kd6 {[%emt 0:00:20]} 39. Kg3 {[%emt 0:00:13]} Rb4 {[%emt 0:00:20]} 40. c3 {[%emt 0:00:23]} Rb1 {[%emt 0:00:22]} 41. Kh4 {[%emt 0:31:18]} Rg1 {[%emt 0:36:06]} 42. f3 {[%emt 0:03:34]} Rd1 {[%emt 0:00:54]} 43. Nxe6 {[%emt 0:01:31]} fxe6 {[%emt 0:00:08]} 44. d4 {[%emt 0:00:10]} Rc1 {[%emt 0:00:11]} 45. Kxh5 {[%emt 0:04:12]} Rxc3 {[%emt 0:00:08]} 46. Kg6 {[%emt 0:00:25]} f5 {[%emt 0:00:28]} 47. Kf6 {[%emt 0:00:26]} 1-0

[Event "Gideon Japhet ACP Open 2018"]
[Site "Jerusalem"]
[Date "2018.07.02"]
[Round "2"]
[White "Steinberg, Nitzan"]
[Black "Pravdivetz, Vladimir"]
[Result "1-0"]
[WhiteElo "2521"]
[BlackElo "1882"]
[Annotator "ChessBase"]
[PlyCount "57"]
[EventDate "2018.07.01"]
[EventType "swiss"]
[EventCountry "ISR"]
[SourceTitle "playchess.com"]
[Source "ChessBase"]
[SourceQuality "1"]
[TimeControl "40/5400+30:1800+30"]

1. e4 {[%emt 0:00:00]} e6 {[%emt 0:01:13]} 2. d4 {[%emt 0:00:00]} d5 {[%emt 0:00:01]} 3. e5 {[%emt 0:01:21]} c5 {[%emt 0:00:01]} 4. c3 {[%emt 0:00:06]} Qb6 {[%emt 0:00:01]} 5. Nf3 {[%emt 0:01:47]} Nc6 {[%emt 0:00:01]} 6. Na3 {[%emt 0:00:08]} cxd4 {[%emt 0:03:06]} 7. cxd4 {[%emt 0:00:06]} Bd7 {[%emt 0:00:41]} 8. Nc2 {[%emt 0:02:53]} Nb4 {[%emt 0:02:14]} 9. Ne3 {[%emt 0:13:55]} Bb5 {[%emt 0:00:51]} 10. a3 {[%emt 0:02:33]} Bxf1 {[%emt 0:05:19]} 11. Kxf1 {[%emt 0:01:13]} Qa6+ {[%emt 0:06:58]} 12. Kg1 {[%emt 0:01:47]} Nd3 {[%emt 0:00:20]} 13. Rb1 {[%emt 0:04:43]} Nxc1 {[%emt 0:02:08]} 14. Rxc1 {[%emt 0:01:35]} Ne7 {[%emt 0:06:00]} 15. h4 {[%emt 0:01:56]} h6 {[%emt 0:10:06]} 16. Rh3 {[%emt 0:04:55]} Ng6 {[%emt 0:06:25]} 17. Rc2 {[%emt 0:05:55]} Nf4 {[%emt 0:04:29]} 18. Rh1 {[%emt 0:02:15]} Ng6 {[%emt 0:03:17]} 19. Qc1 {[%emt 0:08:14]} Be7 {[%emt 0:08:57]} 20. h5 {[%emt 0:02:26]} Nf8 {[%emt 0:00:29]} 21. Rh3 {[%emt 0:05:08]} Nh7 {[%emt 0:03:47]} 22. Rg3 {[%emt 0:04:15]} Rg8 {[%emt 0:04:29]} 23. Ng4 {[%emt 0:03:32]} Rh8 {[%emt 0:01:32]} 24. Nd2 {[%emt 0:05:37]} f5 {[%emt 0:10:17]} 25. exf6 {[%emt 0:02:09]} Nxf6 {[%emt 0:00:52]} 26. Nxf6+ {[%emt 0:08:04]} gxf6 {[%emt 0:00:14]} 27. Rg7 {[%emt 0:02:50]} Rd8 {[%emt 0:09:20]} 28. Rc7 {[%emt 0:01:45]} Bd6 {[%emt 0:01:24]} 29. Rxb7 {[%emt 0:02:18] O-O} 1-0

[Event "Gideon Japhet ACP Open 2018"]
[Site "Jerusalem"]
[Date "2018.07.02"]
[Round "2"]
[White "Zanan, Evgeny"]
[Black "Musyuk, Lior"]
[Result "1-0"]
[WhiteElo "2497"]
[BlackElo "2160"]
[Annotator "ChessBase"]
[PlyCount "63"]
[EventDate "2018.07.01"]
[EventType "swiss"]
[EventCountry "ISR"]
[SourceTitle "playchess.com"]
[Source "ChessBase"]
[SourceQuality "1"]
[TimeControl "40/5400+30:1800+30"]

1. e4 {[%emt 0:00:00]} c5 {[%emt 0:00:00]} 2. Nc3 {[%emt 0:00:00]} Nc6 {[%emt 0:00:11]} 3. Nge2 {[%emt 0:00:00]} d6 {[%emt 0:01:04]} 4. g3 {[%emt 0:12:58]} g6 {[%emt 0:02:29]} 5. d4 {[%emt 0:01:31]} Bg4 {[%emt 0:06:20]} 6. d5 {[%emt 0:07:22]} Nd4 {[%emt 0:15:30]} 7. Nxd4 {[%emt 0:17:01]} Bxd1 {[%emt 0:02:05]} 8. Bb5+ {[%emt 0:00:07]} Qd7 {[%emt 0:00:44]} 9. Bxd7+ {[%emt 0:00:36]} Kxd7 {[%emt 0:00:01]} 10. Kxd1 {[%emt 0:00:11]} cxd4 {[%emt 0:00:30]} 11. Ne2 {[%emt 0:00:04]} Bg7 {[%emt 0:01:14]} 12. f3 {[%emt 0:07:07]} e6 {[%emt 0:06:16]} 13. dxe6+ {[%emt 0:05:58]} fxe6 {[%emt 0:06:15]} 14. Bd2 {[%emt 0:00:27]} Ne7 {[%emt 0:03:58]} 15. c3 {[%emt 0:00:58]} dxc3 {[%emt 0:01:11]} 16. Nxc3 {[%emt 0:08:04]} Nc6 {[%emt 0:01:01]} 17. f4 {[%emt 0:05:20]} Rac8 {[%emt 0:03:56]} 18. Rc1 {[%emt 0:02:09]} Nd4 {[%emt 0:08:37]} 19. Be3 {[%emt 0:00:32]} Rc4 {[%emt 0:03:13]} 20. Ne2 {[%emt 0:06:30]} Rxc1+ {[%emt 0:02:23]} 21. Nxc1 {[%emt 0:00:07]} Rc8 {[%emt 0:01:24]} 22. Nd3 {[%emt 0:01:51]} Rc4 {[%emt 0:02:14]} 23. e5 {[%emt 0:09:00]} d5 {[%emt 0:04:15]} 24. g4 {[%emt 0:04:37]} b6 {[%emt 0:04:18]} 25. Rg1 {[%emt 0:04:24]} Nc6 {[%emt 0:07:37]} 26. Rg3 {[%emt 0:01:27]} Ra4 {[%emt 0:07:50]} 27. a3 {[%emt 0:00:47]} Ke7 {[%emt 0:00:57]} 28. Bc1 {[%emt 0:02:11]} Re4 {[%emt 0:01:33]} 29. b3 {[%emt 0:01:52]} Kf7 {[%emt 0:03:39]} 30. g5 {[%emt 0:01:14]} Ne7 {[%emt 0:00:35]} 31. Nf2 {[%emt 0:00:04]} Nf5 {[%emt 0:00:54]} 32. Nxe4 {[%emt 0:00:05]} 1-0